000 01821nam a2200421 i 4500
001 196019
003 ES-MaACL
005 20251009201149.0
008 240809s2020 sp a | |||| 000 mdspa
015 _aMON22
017 _aM 8293-2020
_bOficina Depósito Legal Madrid
035 _a(SpMaBN)a7024090
035 _a991039678279708606
040 _aSpMaBN
_bspa
_cSpMaBN
_erda
_dES-MaACL
080 _a821.134.2-84"19"
100 1 _aVilla Gil, Luis Enrique de la,
_d1935-
_eaut
_9114883
245 0 0 _a85 aforismos /
_cLuis Enrique de la Villa Gil.
246 3 _aOchenta y cinco aforismos
250 _aPrimera edición: abril 2020
264 1 _a[Madrid?] :
_b[L.E. de la Villa],
_c[2020].
264 3 _aMadrid :
_bCampillo Nevado,
_c[2020].
300 _a57, 57 páginas, 64 páginas sin numerar :
_bilustraciones (blanco y negro y color) ;
_c25 cm.
336 _aTexto
_2rdacontent
337 _asin mediación
_2rdamedia
338 _avolumen
_2rdacarrier
500 _aPortada y textos contrapuestos
500 _aIncluye apéndice fotográfico y documental
505 0 _aEl espolón encendido / Luis Enrique de la Villa Gil. Alas y raíces / Juan Antonio Sagardoy Bengoechea
655 0 _aMáximas y aforismos
_2tgfbne
_9238002
700 2 _aVilla Gil, Luis Enrique de la,
_d1935-
_tEl espolón encendido
_9238003
700 2 _aSagardoy Bengoechea, Juan Antonio.
_tAlas y raíces
_9238004
852 _aES-MaACL
_bR.153026
_cDEPOJ
_jN-9146
_hDonación: Luis Enrique de la Villa Gil
_xEncuadernación cartoné con sobrecubiertas
_9205041
903 _aVilla Gil, Luis Enrique de la,
_d1935-
_ednr
_9114883
942 _cMONOGRAFIA
_n0
999 _c196019
_d196019